000 00313nam a2200133Ia 4500
100 _aKumbhojkar/G.v
650 _aApplied mathematics
942 _cBK
245 _aApplied mathematics III-Computer & IT
260 _bC.Jamnadas & Co
_c2014
082 _a519
_bKUM
546 _aENGLISH
_cproduction
999 _c30692
_d30692